| 000 | 00614 a2200229 4500 | ||
|---|---|---|---|
| 005 | 20260121105113.0 | ||
| 008 | 260119b |||||||| |||| 00| 0 eng d | ||
| 020 |
_a9788172339890 _cRs. 4495.00 |
||
| 040 | _aMAIN | ||
| 082 |
_a579 _bM317M |
||
| 100 | _aManoharachary, C | ||
| 245 | _aMycology and microbiology: A textbook for UG and PG courses | ||
| 260 |
_bScientific Publishers _c2025 _aJodhpur |
||
| 300 | _axvi, 607 | ||
| 650 | _aMycology | ||
| 650 | _aMicrobiology | ||
| 650 | _aMicroorganisms | ||
| 700 | _aTilak, K V B R | ||
| 700 | _aMallaiah, K V | ||
| 700 | _aKunwar, I K | ||
| 942 | _cBK | ||
| 999 |
_c395723 _d395723 |
||